| 000 | 00695nam a2200193Ia 4500 | ||
|---|---|---|---|
| 020 | _a1566761247 (pbk.) | ||
| 040 | _cTBZ | ||
| 082 | _a628 TEC 1994 A040 Or. | ||
| 245 | 1 | 0 |
_aChemical oxidation--technologies for the nineties : _bproceedings of the Third International Symposium, Chemical Oxidation : Technology for the Nineties, Vanderbilt University, Nashville, Tennessee, February 17,-19, 1993 |
| 260 |
_aLancaster , PA : _bTechnomic Pub. Co., _c1994 |
||
| 300 |
_av, 266 p. : _bill. ; _c28 cm |
||
| 650 | 0 | _aSewage | |
| 650 | 0 | _aFactory and trade waste | |
| 650 | 0 | _aGroundwater | |
| 700 | 1 | _aEckenfelder, W. Wesley | |
| 700 | 1 | _aBowers, Alan R | |
| 700 | 1 | _aRoth, John A | |
| 942 | _cEK | ||
| 999 |
_c12054 _d12054 |
||